Проблемы и методы обеспечения надежности и безопасности систем транспорта нефти, нефтепродуктов и газа: материалы научно-практической конференции, 21 мая 2008 г., Уфа

Dades bibliogràfiques
Autor corporatiu: Проблемы и методы обеспечения надежности и безопасности систем транспорта нефти, нефтепродуктов и газа научно-практическая конференция
Sumari:16 международная специализированная выставка "Газ. Нефть. Технологии-2008".
Вниманию читателей представлены материалы научно-практической конференции «Проблемы и методы обеспечения надежности и безопасности систем транспорта нефти, нефтепродуктов и газа», посвященной 80-летию со дня рождения выдающегося ученого -основоположника школы фундаментальной науки в области механики, техники и технологий разработки нефтегазовых месторождений Азата Халиловича Мирзаджанзаде, состоявшейся 21 мая 2008 г. в рамках XVI международной специализированной выставки «Газ. Нефть. Технологии - 2008».
Idioma:rus
Publicat: Уфа, ИПТЭР, 2008
Matèries:
Format: MixedMaterials Llibre
KOHA link:https://koha.lib.tpu.ru/cgi-bin/koha/opac-detail.pl?biblionumber=158862

MARC

LEADER 00000nam0a2200000 4500
001 158862
005 20231101222051.0
010 |a 9785900562469 
035 |a (RuTPU)RU\TPU\book\172293 
090 |a 158862 
100 |a 20090429d2008 k y0rusy50 ca 
101 0 |a rus 
102 |a RU 
105 |a a z 101zy 
200 1 |a Проблемы и методы обеспечения надежности и безопасности систем транспорта нефти, нефтепродуктов и газа  |e материалы научно-практической конференции, 21 мая 2008 г., Уфа 
210 |a Уфа  |c ИПТЭР  |d 2008 
215 |a 322 с.  |c ил. 
300 |a 16 международная специализированная выставка "Газ. Нефть. Технологии-2008". 
320 |a Библиография в конце докладов. 
330 |a Вниманию читателей представлены материалы научно-практической конференции «Проблемы и методы обеспечения надежности и безопасности систем транспорта нефти, нефтепродуктов и газа», посвященной 80-летию со дня рождения выдающегося ученого -основоположника школы фундаментальной науки в области механики, техники и технологий разработки нефтегазовых месторождений Азата Халиловича Мирзаджанзаде, состоявшейся 21 мая 2008 г. в рамках XVI международной специализированной выставки «Газ. Нефть. Технологии - 2008». 
606 1 |a Нефтепроводы магистральные  |x Надежность  |2 stltpush  |3 (RuTPU)RU\TPU\subj\45743  |9 64934 
606 1 |a Газоснабжение  |x Надежность  |x Горное дело  |2 stltpush  |3 (RuTPU)RU\TPU\subj\5214  |9 33344 
610 1 |a нефть 
610 1 |a нефтепродукты 
610 1 |a газ 
610 1 |a транспортировка 
610 1 |a безопасность 
610 1 |a нефтяные месторождения 
610 1 |a эксплуатация 
610 1 |a трубопроводный транспорт 
610 1 |a магистральные системы 
610 1 |a углеводороды 
610 1 |a нефтеперекачивающие станции 
610 1 |a оборудование 
610 1 |a металлы 
610 1 |a коррозия 
610 1 |a защита 
610 1 |a энергосберегающие технологии 
610 1 |a ресурсосберегающие технологии 
610 1 |a конференции 
675 |a 622.692.4(063)  |v 3 
675 |a 622.691.4(063)  |v 3 
712 1 2 |a Проблемы и методы обеспечения надежности и безопасности систем транспорта нефти, нефтепродуктов и газа  |b научно-практическая конференция  |e Уфа  |f 21 мая 
801 1 |a RU  |b 63413507  |c 20090429  |g PSBO 
801 2 |a RU  |b 63413507  |c 20210318  |g RCR 
900 |a Повышение надежности трубопроводных систем 
900 |a Подготовка, транспорт и хранение скважинной продукции 
900 |a Безопасность технологических процессов при транспортировке нефти и газа 
942 |c BK 
959 |a 56/20090428  |d 1  |e 500,00  |f ЧЗТЛ:1